01453nab a22002297a 4500003000400000005001700004008004100021040000700062100002000069245011700089260007200206300001300278500003500291505054900326505008900875650001800964650004000982650004601022650001201068650001901080773012401099OSt20251210094237.0190502c xxu||||| |||| 00| 0 spa d cPJ aKingston, Mateo10aSobre la distinción entre estupro y abuso sexual. ¿Un resabio del modelo de la coacción? /cMateo Kingston. aCiudad Autónoma de Buenos Aires :bThomson Reuters La Ley,c2025. ap. 42-60 aCita Online: AR/DOC/2441/2025. aSumario: I. Introducción.— II. El delito de estupro en la legislación argentina. — III. El papel del consentimiento en los delitos sexuales.— IV. El problema de delimitación. La solución de la cláusula de subsidiariedad.— V. La última reforma del delito de estupro en Argentina.— VI. ¿El estupro como un delito mala prohibita?— VII. Análisis de la criminalización del estupro por razones preventivas.— VIII. La propuesta de regulación de lege ferenda.— IX. Conclusión. — X. Bibliografía complementaria.  t¿Te interesa el texto completo? Solicitalo al correo: koha@justierradelfuego.gov.ar 0aDERECHO PENAL 0aDELITOS CONTRA LA INTEGRIDAD SEXUAL 0aABUSO SEXUAL CALIFICADO POR ACCESO CARNAL 0aDELITOS 0aCONSENTIMIENTO0 02729dBuenos Aires : LexisNexis, 2006-tRevista de derecho penal y procesal penal. Nº 11 - Noviembre 2025z9875920622